Matica slovenská víta navrátených Slovákov Akcia "Pomáhajme navráteným Slovákom" : akad. maliar Martin Benka

Bibliographic Details
Format: Photo
Language:Slovak
PhysicalDescription:1 pohľadnica ilustrovaná 15 x 11 cm
Published: Martin Matica slovenská [s.a.]
Subjects:

MARC

LEADER 00000ckm a2200000 a 4500
001 vtls010239018
003 SK-MaSNL
005 20260425232812.0
007 kf co
008 231214n xo g knslo
035 |a 196AE3E1-B653-4FEA-9915-92C578EADA34 
035 |a urn:nbn:sk:snk-km007bdh 
035 |a urn:nbn:sk:snk-kmtj8a 
040 |a SNK  |b slo  |c SNK  |e AACR2 
041 0 |a slo 
043 |a e-xo--- 
044 |a xo  |c SK 
245 0 0 |a Matica slovenská víta navrátených Slovákov  |h grafika  |b Akcia "Pomáhajme navráteným Slovákom" : akad. maliar Martin Benka 
260 |a Martin  |b Matica slovenská  |c [s.a.] 
300 |a 1 pohľadnica  |b ilustrovaná  |c 15 x 11 cm 
610 2 7 |a Matica slovenská  |2 SNKKA  |9 14662 
651 7 |a Slovensko  |2 SNKPH  |9 14231 
655 7 |a žánrové pohľadnice  |2 SNKPH  |9 70524 
655 7 |a ilustrované pohľadnice  |2 SNKPH  |9 481438 
700 1 |a Benka, Martin,  |d 1888-1971  |4 art  |9 100354 
852 |a Slovenská národná knižnica 
958 |a GC 
958 |a GBN 
958 |a OND 
999 |c 748976  |d 750906 
952 |a SNK  |b SNK  |y PREZ  |7 0  |p 17A0693095  |o snkSP 3717  |0 0  |1 0  |4 0  |d 2011-02-24  |f 1  |l 0  |r 2026-02-23 23:26:22  |w 2026-02-23